Oeuvres complètes [de Platon] : Le sophiste /

Furkejuvvon:
Bibliográfalaš dieđut
Váldodahkki: Platón (autor)
Eará dahkkit: Diès, Auguste (edición y traducción) (edición y traducción)
Materiálatiipa: Girji
Giella:fránskkagiella
Almmustuhtton: París, Francia, Les Belles Lettres, 1925, c1925
Fáddágilkorat: Lasit fáddágilkoriid
Eai fáddágilkorat, Lasit vuosttaš fáddágilkora!

MARC

LEADER 00000nam^a2200000^a^4500
001 000566128
005 20250521000000.0
009 20260310132101.759
037 |a Acervo Xavier Clavigero 
041 |a FRA 
091 |a FPA. 01372 
100 |a Platón  |e (autor) 
245 1 0 |a Oeuvres complètes [de Platon] :  |b Le sophiste / 
264 4 |a París, Francia,  |b Les Belles Lettres,  |c 1925, c1925 
300 |a p. 268-300, 302-391, 302-391 
336 |a texto  |b txt  |2 rdacontenido 
337 |a sin mediación  |b n  |2 rdamedio 
338 |a volumen  |b nc  |2 rdasoporte 
649 |a XX 
700 |a Diès, Auguste  |e (edición y traducción) 
910 |a Fondo José Ignacio Palencia Gómez S.J. 
920 |a Impresos - Libros 
930 |a Fondos Especiales 
905 |a 137 
901 |a 0500355644  |b IT2  |c ESL  |i D  |u 20250521 
902 |a https://opac.biblio.iteso.mx/vufind/Record/000566128